Datum a čas kvízu
22.5
Celkem bodů
Celkový počet nahraných bodů na tomto kvízu bez doplňovacích otázek.
8.
Pořadí na kvízu
Konečné umístění týmu na tomto kvízu.
Zaznamenané odpovědi
| # | Otázka | Odpověď | Body | Výsledky |
|---|---|---|---|---|
| 1. | Neobvyklý zásah za sebou mají... | v Brně | 1 | |
| 2. | Astronautům vracejícím se v mo... | Porouchaný záchod. | 1 | |
| 3. | Česká televize představila let... | B | 0 | |
| 4. | Čtyřiatřicetiletý tchajwanský... | na PornHubu | 1 | |
| 5. | Mezinárodní unie moderního pět... | parkur/jezdectví | 1 | |
| 6. | Podíváme se mezi lékaře, kteří... | Sám sobě vyoperoval slepé střevo (a přežil). | 1 | |
| 7. | V roce 2017 byl na Harvardově... | Bohdan Pomahač | 1 | |
| 8. | Jednou z postav seriálu Simpso... | Dlaha | 1 | |
| 9. | Velkou tradici drží již po tři... | Vladimír Beneš | 0 | |
| 10. | Chirurga Benjamina Franklina „... | Woody Allen | 0 |